Cómo enseñar la divisibilidad
Tallennettuna:
| Päätekijät: | , |
|---|---|
| Aineistotyyppi: | Kirja |
| Kieli: | espanja |
| Julkaistu: |
Madrid
Anaya
1982
|
| Sarja: | Técnicas didácticas
|
| Aiheet: | |
| Tagit: |
Lisää tagi
Ei tageja, Lisää ensimmäinen tagi!
|
MARC
| LEADER | 00000nam a2200000 a 4500 | ||
|---|---|---|---|
| 001 | UCW7086 | ||
| 003 | CL-VaPUC | ||
| 008 | 920831e19820000SP |||||||||||||||||spa|d | ||
| 082 | 0 | 4 | |a 372.7 |b PRA |2 21 |
| 100 | 0 | |a Prada Vicente, María Dolores de |e author |9 312210 | |
| 700 | 0 | |a Rodriguez Rodriguez, Ricardo |e author |9 312211 | |
| 245 | 1 | 0 | |a Cómo enseñar la divisibilidad |
| 300 | |a 96 p | ||
| 942 | |c BK | ||
| 945 | |d 19920831 00:00:00 | ||
| 260 | |a Madrid |b Anaya |c 1982 | ||
| 650 | 0 | |a Matemáticas |x Enseñanza |9 875527 | |
| 650 | 7 | |a DIVISION ARITMETICA |2 CL-VaPUC |9 312212 | |
| 583 | |a last modification |c 19920831 00:00:00 |k Rodrigo Vera | ||
| 490 | 0 | |a Técnicas didácticas | |
| 999 | |c 219966 |d 219964 | ||
| 952 | |0 0 |1 0 |4 0 |6 372_700000000000000_PRA_1982 |7 0 |8 P |9 211559 |a BIBEDU |b BIBEDU |c BIBEDU_PB |d 2019-11-15 |i 2797445 |o 372.7 PRA 1982 |p 2797445 |r 2024-01-25 |w 2019-11-15 |y BK |k EDU | ||
| 952 | |0 0 |1 0 |4 0 |6 372_700000000000000_PRA_1982 |7 0 |8 P |9 211560 |a BIBEDU |b BIBEDU |c BIBEDU_PB |d 2019-11-15 |i 2797453 |o 372.7 PRA 1982 |p 2797453 |r 2024-01-25 |w 2019-11-15 |y BK |k EDU | ||